Sustainability in the mattress industry

Bibliográfiai részletek
Szerző: Blecic Marina
További közreműködők: Földi Dr. Péter
Dokumentumtípus: TDK dolgozat
Kulcsszavak:Circular economy
EPR
fenntarthatóság
mattress industry
újrafeldolgozás
Online Access:http://dolgozattar.uni-bge.hu/60438

MARC

LEADER 00000nta a2200000 i 4500
001 dolg60438
005 20260416073710.0
008 260416suuuu hu o 000 eng d
040 |a BGE Dolgozattár Repozitórium  |b hun 
041 |a en 
100 1 |a Blecic Marina 
245 1 0 |a Sustainability in the mattress industry  |c Blecic Marina  |h [elektronikus dokumentum] 
516 |a Students_Scientific_Association_paper 
520 3 |a As sustainability emerges as a defining challenge in modern manufacturing, one industry that often escapes attention is the mattress sector. Each year, millions of mattresses end up in landfills, even though most of their materials can be recycled or repurposed. This research seeks to shed light on how sustainability in the mattress industry can progress from a niche initiative to an integrated, everyday practice that reshapes both consumer behaviour and manufacturing standards. By focusing on this often-overlooked sector, the project aims to explore how awareness, accessibility, and innovation can align to make sustainable choices the norm rather than the exception. To achieve this, a comprehensive questionnaire survey examines consumer understanding, perceptions, and purchasing behaviours related to sustainable mattresses, while in-depth interviews with industry professionals investigate the economic realities and logistical challenges of implementing circular production models at scale. Together, these approaches bridge behavioural insights with industrial perspectives to identify realistic pathways for sustainable production and responsible end-of-life management. Ultimately, this study envisions a future where the mattress industry is not only comfortable, but also circular, environmentally responsible, and firmly aligned with the principles of sustainability. 
695 |a Circular economy 
695 |a EPR 
695 |a fenntarthatóság 
695 |a mattress industry 
695 |a újrafeldolgozás 
700 1 |a Földi Dr. Péter  |e ths 
856 4 0 |u http://dolgozattar.uni-bge.hu/60438/1/Marina%20Blecic.Sustainability%20in%20the%20mattress%20industry%20TDK.pdf  |z Dokumentum-elérés 
856 4 0 |u http://dolgozattar.uni-bge.hu/60438/2/Summary%20tdk%20marina%20blecic.docx  |z Dokumentum-elérés 
856 4 0 |u http://dolgozattar.uni-bge.hu/60438/3/Blecic.Marina_FIntlBiz_AG.pdf  |z Dokumentum-elérés 
856 4 0 |u http://dolgozattar.uni-bge.hu/60438/4/Ble%C4%8Di%C4%87_Marina_NGK_E%C3%89.pdf  |z Dokumentum-elérés